000 00420nam a2200145Ia 4500
008 090124s9999 xx 000 0 und d
082 _b304551
245 _a आठवणींचा मोहर
250 _a1
260 _bगवांदे राजाभाऊ
_c2000
300 _a258
630 _a आठवणींचा मोहर
730 _a आठवणींचा मोहर
942 _cBOOK
999 _c194480
_d194480